| Tag |
First Indicator |
Second Indicator |
Subfields |
| LEADER |
00000cam a2200000 a 4500 |
| 001 |
in00000874875 |
| 005 |
20151019133630.0 |
| 008 |
871208s1988 mdu b 00000 eng |
| 010 |
|
|
|a 87036776
|
| 020 |
|
|
|a 0916379493 :
|c $35.00
|
| 035 |
|
|
|a (OCoLC)17353772
|
| 035 |
|
|
|9 AEJ9908AM
|
| 040 |
|
|
|a DLC
|c DLC
|d TXA
|d UtOrBLW
|
| 043 |
|
|
|a e-sp---
|
| 049 |
|
|
|a TXAM
|c [A12510652]
|
| 050 |
0 |
0 |
|a PQ6144
|b .F36 1988
|
| 245 |
0 |
0 |
|a Feminine concerns in contemporary Spanish fiction by women /
|c edited by Roberto C. Manteiga, Carolyn Galerstein, and Kathleen McNerney.
|
| 264 |
|
1 |
|a Potomac, Md., U.S.A. :
|b Scripta Humanistica,
|c [1988?]
|
| 300 |
|
|
|a 186 pages ;
|c 22 cm.
|
| 336 |
|
|
|a text
|b txt
|2 rdacontent
|
| 337 |
|
|
|a unmediated
|b n
|2 rdamedia
|
| 338 |
|
|
|a volume
|b nc
|2 rdacarrier
|
| 490 |
1 |
|
|a Scripta Humanistica ;
|v 44
|
| 504 |
|
|
|a Bibliography: pages 169-183.
|
| 505 |
0 |
|
|a Rewriting myth and history / Elizabeth Ordoñez -- Historical novel from a feminine perspective--Urraca / Birute Ciplijauskaite -- Personal and public history in Laforet's long novels / Roberta Johnson -- Portraits of the femme seule by Laforet, Matute, Soriano, Martín Gaite, Galavarriato, Quiroga, and Medio / Janet Perez -- Self-discovery in Quiroga's Presente profundo / Carolyn Galerstein -- The challenge of Martín Gaite's woman hero / Joan Lipman Brown -- The feminist message / Eunice Myers -- The dilemma of the modern woman / Roberto Manteiga -- A feminist literary renaissance in Catalonia / Kathleen McNerney -- The renewal of the quest in Esther Tusquet's El mismo mar de todos los veranos / Lucy Lee-Bonnano -- Montserrat Roig / Catherine Bellver.
|
| 650 |
|
0 |
|a Spanish fiction
|y 20th century
|x History and critcism.
|
| 650 |
|
0 |
|a Spanish fiction
|x Women authors
|x History and criticism.
|
| 650 |
|
0 |
|a Women in literature.
|
| 700 |
1 |
|
|a Manteiga, Robert C.
|
| 700 |
1 |
|
|a Galerstein, Carolyn L.,
|d 1931-
|
| 700 |
1 |
|
|a McNerney, Kathleen.
|
| 830 |
|
0 |
|a Scripta Humanistica (Series) ;
|v 44.
|
| 999 |
|
|
|a MARS
|
| 999 |
f |
f |
|s 2ca1ea54-3d3c-367e-9b0f-02ab77703e6b
|i 774d1453-bdf6-39a0-9582-3e37bfcd2a6f
|t 0
|
| 952 |
f |
f |
|p normal
|a Texas A&M University
|b College Station
|c Sterling C. Evans Library
|d Evans: Library Stacks
|t 0
|e PQ6144 .F36 1988
|h Library of Congress classification
|i unmediated -- volume
|m A14812510652
|
| 998 |
f |
f |
|a PQ6144 .F36 1988
|t 0
|l Evans: Library Stacks
|